| 000 | 00511nam a2200133Ia 4500 | ||
|---|---|---|---|
| 008 | 160809s9999 xx 000 0 und d | ||
| 100 | _aBhushan, Bharat. | ||
| 245 | _aConcealed Data Aggregation with Dynamic Intrusion Detection System to Remove Vulnerabilities in Wireless Sensor Networks | ||
| 245 | _cBharat Bhushan, Keshav Kaushik and G Sahoo. | ||
| 260 | _bComputer Science and Information Technology | ||
| 260 | _cJuly 2016 | ||
| 650 | _xINFORMATION TECHNOLOGY | ||
| 856 | _uhttp://airccse.org/V6N56.html | ||
| 999 |
_c300137 _d300137 |
||